000 nam a22 a 4500
999 _c1693
_d1693
005 20170511125213.0
008 170511b1985 xxu||||| |||| 00| 0 eng d
020 _a0534033865 (pbk)
020 _a0442281323 (Van Nostrand)
040 _aAKMAL
082 _a330.973 SCH
090 _a330.973 SCH
100 1 _aSchulz, James H.
_93481
245 0 4 _aThe economics of aging /
_cJames H. Schulz.
250 _a3rd ed.
260 _a Belmont, Calif. :
_bWadsworth Pub. Co.,
_cc1985.
300 _ccm
599 _aDALAM PROSES
650 0 _aOld age pensions
_zUnited States.
_93465
650 0 _a Aged
_xEconomic conditions.
_zUnited States
_93482
650 0 _a Retirement income
_zUnited States.
_93483
852 4 1 _aBritish Library
_b DSC
942 _2ddc
_cBOOK